000
00280nam a2200109Ia 4500
008
230907s9999||||xx |||||||||||||| ||und||
082
_a
621.381542
_b
MER
245
0
_a
Photovoltaics :
260
_a
John Wiley & Sons,
_b
New Jersey :
_c
2019
300
_a
xx, 347 p.
942
_c
BK
_2
ddc
999
_c
599951
_d
599951